[Event "AUTO-INT-377"]
[Site "http://www.queenalice.com/game.php?id=180538"]
[Date "2007.3.11"]
[Round "1"]
[White "Rusty"]
[Black "YegorStatsenko17"]
[Result "1-0"]
[WhiteElo "2133"]
[BlackElo "1369"]

1. d4 Nf6 2. c4 e6 3. e3 d5 4. Nf3 Nbd7 5. Nc3 a6 6. cxd5 exd5 7. Bd2 Bd6 8. Bd3
O-O 9. Qc2 Re8 10. g4 g6 11. g5 Ne4 12. Nxe4 dxe4 13. Bxe4 c5 14. O-O-O Qe7 15.
Bd3 b5 16. h4 Bb7 17. d5 Bxd5 18. Rh3 c4 19. Bf1 Be4 20. Qc3 1-0

[Event "AUTO-INT-377"]
[Site "http://www.queenalice.com/game.php?id=180539"]
[Date "2007.3.11"]
[Round "1"]
[White "YegorStatsenko17"]
[Black "Rusty"]
[Result "0-1"]
[WhiteElo "1369"]
[BlackElo "2134"]

1. d4 d5 2. c4 dxc4 3. Nc3 e5 4. e3 exd4 5. exd4 c5 6. d5 a6 7. a4 Nf6 8. Bxc4
Bd6 9. Nf3 Bg4 10. O-O O-O 11. Bg5 h6 12. Bh4 Nbd7 13. Ne4 g5 14. Nxd6 gxh4 15.
Re1 Qb6 16. Ne4 Rae8 17. Nxf6+ Qxf6 18. Be2 h3 0-1

[Event "AUTO-INT-377"]
[Site "http://www.queenalice.com/game.php?id=180548"]
[Date "2007.3.11"]
[Round "1"]
[White "Patrick77"]
[Black "YegorStatsenko17"]
[Result "0-1"]
[WhiteElo "1711"]
[BlackElo "1419"]

1. e4 e5 2. Nf3 Nc6 3. Bc4 Bc5 4. O-O Nf6 5. Nc3 d6 6. a3 Bg4 7. h3 Bh5 8. Qe1
Bxf3 9. gxf3 Nd4 10. Qd1 Nh5 11. d3 Qh4 12. Kg2 g5 13. Rh1 Nf4+ 14. Kf1 Nb3 15.
Be3 Nxa1 16. Qxa1 Bxe3 17. fxe3 Nxh3 18. Qe1 Qxe1+ 19. Kxe1 g4 20. fxg4 Ng5 21.
Rf1 c6 22. Rf5 h6 23. Rf6 Ke7 24. Rf1 h5 25. Rf5 f6 26. Ke2 hxg4 27. d4 Rh2+ 28.
Kd3 g3 29. Rf1 g2 30. Re1 Nf3 31. Re2 g1=Q 32. Rxh2 Qxh2 33. Ne2 f5 34. exf5 d5
35. Bb3 e4+ 36. Kc3 Qxe2 37. Kb4 Kd6 38. c4 a5+ 39. Kc3 Qd2# 0-1

[Event "AUTO-INT-377"]
[Site "http://www.queenalice.com/game.php?id=180549"]
[Date "2007.3.11"]
[Round "1"]
[White "YegorStatsenko17"]
[Black "Patrick77"]
[Result "0-1"]
[WhiteElo "1493"]
[BlackElo "1709"]

1. e4 e5 2. Nf3 Nc6 3. Bb5 a6 4. Bxc6 bxc6 5. O-O d6 6. d4 exd4 7. Nxd4 Bb7 8.
Nc3 Nf6 9. Bg5 h6 10. Bh4 c5 11. Nf3 Be7 12. Re1 O-O 13. Qd3 Qd7 14. e5 dxe5 15.
Qxd7 Nxd7 16. Bxe7 Rfe8 17. Bh4 f6 18. Rad1 Red8 19. Nd5 Rac8 20. Rd2 Bxd5 21.
Rxd5 c6 22. Rd6 Nb6 23. Red1 Rxd6 24. Rxd6 Nc4 25. Rd7 Nxb2 26. Nd2 Rb8 27. f3
Na4 28. Nb3 Rb4 29. Be1 Rb8 30. Rc7 c4 31. Nd2 Nc3 32. Nxc4 Nxa2 33. Rxc6 Rb1
34. Kf2 Rb4 35. Bxb4 Nxb4 36. Rb6 Nxc2 37. Rxa6 Kf7 38. h4 h5 39. Ne3 Nb4 40.
Rb6 Nd3+ 41. Kg3 Kg6 42. Nc4 Kf5 43. Nd6+ Kg6 44. Rb7 Nc5 45. Re7 Kh6 46. Nf5+
Kg6 47. Nxg7 Nd3 0-1

[Event "AUTO-BEG-82"]
[Site "http://www.queenalice.com/game.php?id=180626"]
[Date "2007.3.12"]
[Round "1"]
[White "YegorStatsenko17"]
[Black "Peppone"]
[Result "0-1"]
[WhiteElo "1498"]
[BlackElo "1876"]

1. e4 c5 2. Nf3 Nc6 3. d4 cxd4 4. Nxd4 d6 5. Nc3 Bd7 6. Be3 Nf6 7. Bc4 Rc8 8.
Bb3 e5 9. Ndb5 Be7 10. Nxd6+ Bxd6 11. Qxd6 Qc7 12. Qxc7 Rxc7 13. Nb5 Rc8 14.
Nd6+ Ke7 15. Nxc8+ Rxc8 16. Bg5 h6 17. Bxf6+ Kxf6 18. O-O-O Nd4 19. c3 Nxb3+ 20.
axb3 Bc6 21. f3 a5 22. Rd6+ Kg5 23. g3 f6 24. h4+ Kg6 25. Rhd1 Ra8 26. Rd8 Ra7
27. Rc8 a4 28. bxa4 Rxa4 29. Kb1 f5 30. Rd6+ Kh5 31. Rg8 fxe4 0-1

[Event "AUTO-BEG-82"]
[Site "http://www.queenalice.com/game.php?id=180627"]
[Date "2007.3.12"]
[Round "1"]
[White "Peppone"]
[Black "YegorStatsenko17"]
[Result "1-0"]
[WhiteElo "1878"]
[BlackElo "1496"]

1. e4 e5 2. f4 exf4 3. Nf3 g5 4. Bc4 Bg7 5. O-O Nc6 6. Nc3 Nd4 7. Nxd4 Bxd4+ 8.
Kh1 Nf6 9. Nb5 Bb6 10. e5 Ne4 11. d4 O-O 12. Qh5 a6 13. Bd3 d5 14. Nc3 Bf5 15.
Ne2 Bg6 16. Qg4 h5 17. Qf3 c5 18. dxc5 Bxc5 19. Nc3 Nxc3 20. Bxg6 fxg6 21. Qxc3
Rc8 22. Qb3 Qd7 23. Qd3 Kh7 24. c4 d4 25. Re1 Qg4 26. Qe4 Rc7 27. e6 Re7 28. Bd2
Rfe8 29. Qe5 b6 30. Qd5 Rxe6 31. Rxe6 Qxe6 32. Qxe6 1-0

[Event "AUTO-BEG-82"]
[Site "http://www.queenalice.com/game.php?id=180628"]
[Date "2007.3.12"]
[Round "1"]
[White "YegorStatsenko17"]
[Black "LovelyLocksOfCheez"]
[Result "1-0"]
[WhiteElo "1369"]
[BlackElo "1355"]

1. e4 Nf6 2. e5 Nd5 3. d4 e6 4. c4 Bb4+ 5. Bd2 O-O 6. cxd5 Qe7 7. Bd3 exd5 8.
Nf3 c5 9. Bxb4 cxb4 10. O-O d6 11. Re1 dxe5 12. Nxe5 f5 13. Ng6 hxg6 14. Rxe7
Nc6 15. Re3 f4 16. Re1 Nxd4 17. Bxg6 f3 18. Qxd4 a5 19. Re7 fxg2 20. Qxg7# 1-0

[Event "AUTO-BEG-82"]
[Site "http://www.queenalice.com/game.php?id=180629"]
[Date "2007.3.12"]
[Round "1"]
[White "LovelyLocksOfCheez"]
[Black "YegorStatsenko17"]
[Result "0-1"]
[WhiteElo "1316"]
[BlackElo "1401"]

1. e4 g6 2. Nf3 Bg7 3. Bc4 e6 4. O-O Ne7 5. d4 d5 6. Ng5 dxc4 7. Qf3 O-O 8. Qh3
h6 9. Nf3 e5 10. Qg3 exd4 11. Rd1 c5 12. Re1 Nbc6 13. Qh4 g5 14. Bxg5 hxg5 15.
Nxg5 Re8 16. e5 Bf5 17. g4 Bg6 18. e6 f6 19. Nf7 Bxf7 20. exf7+ Kxf7 21. Qh5+
Ng6 22. Nd2 Rxe1+ 23. Rxe1 Qd7 24. Ne4 Re8 25. Nxc5 Rxe1+ 26. Kg2 Qd6 27. Nxb7
Qe6 28. Nc5 Qe5 29. Nd7 Qe4+ 30. f3 Qe2+ 31. Kg3 Rg1+ 0-1

[Event "AUTO-BEG-82"]
[Site "http://www.queenalice.com/game.php?id=180630"]
[Date "2007.3.12"]
[Round "1"]
[White "YegorStatsenko17"]
[Black "Eddiemasses"]
[Result "1-0"]
[WhiteElo "1456"]
[BlackElo "1450"]

1. e4 e5 2. Nf3 Nc6 3. Bb5 a6 4. Bxc6 dxc6 5. O-O Bg4 6. h3 h5 7. d3 Qf6 8. Nbd2
Ne7 9. Re1 Ng6 10. hxg4 hxg4 11. Nh2 Qh4 12. Ndf1 g3 13. fxg3 Bc5+ 14. Be3 Bxe3+
15. Rxe3 Qg5 16. Qg4 Qh5 17. Qxh5 Rxh5 18. g4 Rh4 19. g3 Rh8 20. Kg2 O-O-O 21.
Nd2 Rde8 22. Rf1 Rh7 23. Rxf7 Reh8 24. Ndf1 b5 25. Ref3 Rd8 26. R3f5 Nh8 27. Rf8
Ng6 28. Rxd8+ Kxd8 29. Rh5 Rh8 30. Rxh8+ Nxh8 31. Ne3 Kd7 32. Nf3 Ng6 33. Nf5 c5
34. Nxg7 Ke7 35. Nf5+ Ke6 36. g5 Nf8 37. Kh3 Ng6 38. Kg4 a5 39. Kh5 1-0

[Event "AUTO-BEG-82"]
[Site "http://www.queenalice.com/game.php?id=180631"]
[Date "2007.3.12"]
[Round "1"]
[White "Eddiemasses"]
[Black "YegorStatsenko17"]
[Result "0-1"]
[WhiteElo "1450"]
[BlackElo "1475"]

1. e4 e6 2. d4 d5 3. Nc3 Nf6 4. e5 Nfd7 5. f4 c5 6. Nf3 Nc6 7. Be3 Qb6 8. g3 c4
9. Na4 Qa5+ 10. Nc3 b5 11. Bd2 b4 12. Ne2 Qc7 13. a3 bxa3 14. Rxa3 Bxa3 15. bxa3
Ba6 16. Nc3 Rb8 17. Bh3 O-O 18. O-O Ne7 19. f5 Nxf5 20. Bxf5 exf5 21. Nxd5 Qb7
22. Ne7+ Kh8 23. Bb4 c3 24. Nxf5 Bxf1 25. Bxf8 Nxf8 26. Qxf1 Qb1 27. Ng5 Qxf1+
28. Kxf1 Rb7 29. Ke2 h6 30. Nd6 Rd7 31. Ndxf7+ Kg8 32. e6 Nxe6 33. Ne5 Nxd4+ 34.
Ke3 Nxc2+ 35. Ke4 Rd4+ 36. Kf5 hxg5 37. Nc6 Rd2 38. Ke4 Nxa3 39. Nxa7 c2 40. Nc6
c1=Q 0-1

[Event "Challenge"]
[Site "http://www.queenalice.com/game.php?id=268975"]
[Date "2007.9.9"]
[Round "-"]
[White "YegorStatsenko17"]
[Black "lesangesleader"]
[Result "0-1"]
[WhiteElo "1494"]
[BlackElo "1755"]

1. d4 d5 2. c4 e6 3. Bf4 c6 4. e3 Nf6 5. Nc3 Nbd7 6. cxd5 exd5 7. Nf3 Be7 8. Bd3
O-O 9. Qc2 g6 10. O-O Re8 11. Rfe1 Bf8 12. Rad1 c5 13. dxc5 Nxc5 14. Nb5 Nxd3
15. Qxd3 Bf5 0-1